| 000 | 00855nam a2200217 i 4500 | ||
|---|---|---|---|
| 001 | 44998 | ||
| 003 | ES-MaACL | ||
| 005 | 20250801063023.0 | ||
| 007 | t| | ||
| 008 | 030324s1892 mx ||||1| spa d | ||
| 100 | 1 |
_aMendieta, Jerónimo de, _d1525-1604 _9158203 |
|
| 245 | 1 | 0 |
_aCódice Mendieta _b: documentos franciscanos siglos XVI y XVII / _cditados por Joaquín García Icazbalceta. |
| 260 |
_aMéxico : _bImp. Francisco Díaz de León, _c1892. |
||
| 300 |
_a280 p. ; _c22 cm. |
||
| 490 | 1 |
_aNueva colección de documentos para la historia de México ; _v4 |
|
| 610 | 2 | 4 |
_aFranciscanos- _zMéxico- _vHistoria- _vFuentes. _9158204 |
| 700 | 1 |
_aGarcía Icazbalceta, Joaquín ( _d1825-1894) _954786 |
|
| 830 | 0 |
_aNueva colección de documentos para la historia de México ; _v4 _9182043 |
|
| 852 |
_aES-MaACL _jB-5361 |
||
| 999 |
_c44998 _d44998 |
||